| 000 | 00877nam a22002657a 4500 | ||
|---|---|---|---|
| 999 |
_c15691 _d15691 |
||
| 003 | AR-CdUCM | ||
| 008 | 190429b ||||| |||| 00| 0 spa d | ||
| 040 |
_aMUNICIPALIDAD PROVINCIAL DEL CUSCO _cBIBLIOTECA MUNICIPAL DEL CUSCO |
||
| 082 |
_aEP / 803 / _bSA22 |
||
| 100 |
_aSanchez Rodríguez, José Gabriel _934847 |
||
| 245 | _aLlaqta kamachiqpa yachayninmanta / | ||
| 260 |
_aApurímac : _bKinko´s, _c2009. |
||
| 300 |
_a15 páginas ; _bilustraciones, _c21 cm. |
||
| 500 | _aTexto en La lengua Quechua. | ||
| 650 |
_aLiteratura _983 |
||
| 650 |
_aCuentos Quechua _934848 |
||
| 650 |
_aAprendizaje _92143 |
||
| 700 |
_aHuarcaya Muñoz, Nathaly Vanesa _934849 |
||
| 710 |
_aUnidad de Gestión Educativa Local - Andahuaylas _934850 |
||
| 710 |
_aOPS. _934851 |
||
| 710 |
_aUNFPA. _934852 |
||
| 710 |
_aUNICEF. _99438 |
||
| 942 |
_2ddc _cLIBROS |
||
| 945 |
_aachl _d2019-04-29 |
||